Statistics for 45 3rd Largest Cities In Europe

Click here to take the quiz!

General Stats

  • This quiz has been taken 44 times
  • The average score is 32 of 45

Answer Stats

CityCountry% Correct
GermanyMunichGermany
100%
PolandLodzPoland
94%
IrelandLimerickIreland
94%
SpainValenciaSpain
94%
MonacoMonacoMonaco
92%
ItalyNaplesItaly
92%
NetherlandsThe HagueNetherlands
92%
United KingdomManchesterUnited Kingdom
92%
Vatican CityVatican CityVatican City
89%
FranceLyonFrance
89%
AustriaLinzAustria
89%
RussiaNovosibirskRussia
89%
DenmarkAalborgDenmark
89%
SwedenGothenburgSweden
86%
San MarinoSan MarinoSan Marino
86%
UkraineOdessaUkraine
86%
NorwayTrondheimNorway
86%
GreecePatrasGreece
86%
FinlandTampereFinland
83%
SwitzerlandBaselSwitzerland
83%
Czech RepublicBrnoCzech Republic
81%
BelgiumCharleroiBelgium
78%
RomaniaClujRomania
75%
LithuaniaKaunasLithuania
75%
IcelandHafnarfjorourIceland
72%
BelarusSalihorskBelarus
69%
BulgariaVarnaBulgaria
69%
PortugalVila Nova de GaiaPortugal
67%
CroatiaRijekaCroatia
64%
HungarySzegedHungary
64%
EstoniaNarvaEstonia
58%
MontenegroHerceg NoviMontenegro
58%
AndorraLa MassanaAndorra
56%
SloveniaCeljeSlovenia
50%
LatviaLiepajaLatvia
50%
SerbiaNisSerbia
50%
SlovakiaPresovSlovakia
47%
AlbaniaVloreAlbania
47%
LuxembourgDudelangeLuxembourg
47%
BosniaTuzlaBosnia and Herzegovina
47%
MacedoniaOhridMacedonia
47%
MoldovaBaltiMoldova
44%
KosovoGnjlaneKosovo
42%
LiechtensteinTriesenLiechtenstein
42%
MaltaMostaMalta
39%

Score Distribution

Percentile by Number Answered

Percent of People with Each Score

Your Score History

You have not taken this quiz